[Event "Belp op"]
[Site "Belp"]
[Date "2015.05.25"]
[Round "5"]
[White "Achermann, Franz"]
[Black "Cannatella, Joseph"]
[Result "1-0"]
[WhiteElo "1496"]
[BlackElo "1747"]
[PlyCount "59"]
[EventDate "2015.05.23"]
[EventType "swiss"]
[EventRounds "5"]
[EventCountry "SUI"]
[SourceTitle "EXT 2016"]
[Source "ChessBase"]
[SourceDate "2015.10.08"]
[SourceVersion "1"]
[SourceVersionDate "2015.10.08"]
[SourceQuality "1"]

1. e4 g5 2. Bc4 Bg7 3. d4 c5 4. Be3 Qb6 5. c3 Qxb2 6. Nd2 cxd4 7. cxd4 Qb6 8. Rb1 Qg6 9. Ne2 Nc6 10. 0-0 f5 11. exf5 Qxf5 12. Bxg8 Rxg8 13. Ng3 Qg6 14. Nde4 h6 15. Nc3 a6 16. Rb6 Qd6 17. Qh5+ Kf8 18. Nf5 Qf6 19. Qf3 e6 20. Nxg7 Qxf3 21. Nxe6+ dxe6 22. gxf3 Ke7 23. h3 Kd6 24. Rc1 Kc7 25. d5 exd5 26. Nxd5+ Kd8 27. Rd1 Rg7 28. Kh2 Rd7 29. Rd2 Ne5 30. Rf6 1-0